TB.OF FOOD COMMODITIES (Record no. 21065)

MARC details
000 -LEADER
fixed length control field 00313nam a22001457a 4500
003 - CONTROL NUMBER IDENTIFIER
control field SGT
020 ## - INTERNATIONAL STANDARD BOOK NUMBER
International Standard Book Number 978-81-8104-112-7
082 ## - DEWEY DECIMAL CLASSIFICATION NUMBER
Classification number 646.7
Item number MUK
100 ## - MAIN ENTRY--PERSONAL NAME
Personal name MUKHERJEE, PRASANTH
245 ## - TITLE STATEMENT
Title TB.OF FOOD COMMODITIES
250 ## - EDITION STATEMENT
Edition statement 1ST
260 ## - PUBLICATION, DISTRIBUTION, ETC. (IMPRINT)
Place of publication, distribution, etc DELHI
Name of publisher, distributor, etc AMAN PUB.
Year of Publication 2019
300 ## - PAGE DESCRIPTION
No. of Pages 266
942 ## - ADDED ENTRY ELEMENTS (KOHA)
Source of classification or shelving scheme Dewey Decimal Classification
Koha item type Books
Holdings
Withdrawn status Lost status Source of classification or shelving scheme Damaged status Not for loan Collection code Home library Current library Shelving location Date acquired Vendor Name Cost, normal purchase price SGTU Bill Number Total Checkouts Full call number Accession No. (Barcode) Date last seen Bill Date Koha item type
    Dewey Decimal Classification     HOTEL MANAGEMENT SGT Science & Social Sciences Library SGT Science & Social Sciences Library Text Book 26/04/2021 JINDAL 550.00 SGTU 2230   646.7 MUK HM1178 26/04/2021 24/03/2021 Books
    Dewey Decimal Classification     HOTEL MANAGEMENT SGT Science & Social Sciences Library SGT Science & Social Sciences Library Text Book 26/04/2021 JINDAL 550.00 SGTU 2230   646.7 MUK HM1179 26/04/2021 24/03/2021 Books